=LDR 00000nam 2200000 4500 =001 INLIS000000000040857 =005 20220719014315 =035 ##$$a 0010-061300000040857 =008 220719###########################0#ind## =041 ##$$a ind =082 ##$$a 495.6 =090 ##$$a 495.6 ; Sen ,l =100 ##$$a SEMITA, Muryani J =245 1#$$a Lima menit hafalan kosa kata bahasa bahasa jepang , metode harian kuasai 3.650 kosakata bahasa jepang yang wajib anda hafal , Muryani J. semita =260 ##$$a 2011 :$b Yogyakarta =300 ##$$a iv,356 hlm. , 13 cm =650 #4$$a BAHASA - JEPANG - TATA BAHASA =850 ##$$a NBPNMAT